[Event "Lleida Province-ch"]
[Site "Lleida"]
[Date "2011.11.06"]
[Round "6"]
[White "Llavall Sans, Daniel"]
[Black "Ramon Solans, Albert"]
[Result "1-0"]
[WhiteElo "2049"]
[BlackElo "2280"]
[PlyCount "79"]
[EventDate "2011.10.09"]
[EventType "swiss"]
[EventRounds "9"]
[EventCountry "ESP"]
[SourceTitle "EXT 2015"]
[Source "ChessBase"]
[SourceDate "2014.11.20"]
[SourceVersion "1"]
[SourceVersionDate "2014.11.20"]
[SourceQuality "1"]

1. e4 c5 2. a3 Nc6 3. b4 cxb4 4. axb4 Nxb4 5. d4 d5 6. c3 Nc6 7. exd5 Qxd5 8. Na3 a6 9. Nc4 Be6 10. Ne3 Qb3 11. Qxb3 Bxb3 12. Ra3 Be6 13. d5 Bd7 14. dxc6 Bxc6 15. Ra1 g6 16. Ne2 Bg7 17. Nd4 0-0-0 18. Bb2 Be8 19. Be2 e5 20. Nf3 Ne7 21. 0-0 f6 22. Rfd1 Bc6 23. Ba3 Nd5 24. Nxd5 Rxd5 25. Rxd5 Bxd5 26. Rd1 Rd8 27. c4 Bc6 28. Rxd8+ Kxd8 29. Nd2 Bh6 30. Nb3 b6 31. c5 b5 32. Bb4 Bd5 33. Na5 e4 34. Bd1 Kd7 35. Bb3 Ke6 36. Bxd5+ Kxd5 37. g3 Bc1 38. c6 Ke6 39. Nb7 Bb2 40. Nd8+ 1-0

[Event "Lleida Province-ch"]
[Site "Lleida"]
[Date "2011.10.16"]
[Round "3"]
[White "Ramon Solans, Albert"]
[Black "Codina Garcia, Jose"]
[Result "1-0"]
[WhiteElo "2280"]
[BlackElo "2128"]
[PlyCount "63"]
[EventDate "2011.10.09"]
[EventType "swiss"]
[EventRounds "9"]
[EventCountry "ESP"]
[SourceTitle "EXT 2015"]
[Source "ChessBase"]
[SourceDate "2014.11.20"]
[SourceVersion "1"]
[SourceVersionDate "2014.11.20"]
[SourceQuality "1"]

1. d4 d5 2. c4 c6 3. Nc3 Nf6 4. Nf3 e6 5. e3 Nbd7 6. Bd3 dxc4 7. Bxc4 b5 8. Bd3 a6 9. e4 c5 10. d5 e5 11. 0-0 g6 12. h3 Bg7 13. Ne2 0-0 14. Bg5 h6 15. Be3 c4 16. Bc2 Ne8 17. Qd2 Kh7 18. a4 Bb7 19. axb5 axb5 20. Qb4 Qc7 21. Rxa8 Bxa8 22. Ra1 Nd6 23. Ra7 Bb7 24. Nc3 Ra8 25. Rxa8 Bxa8 26. Nxb5 Nxb5 27. Qxb5 Bf8 28. Nd2 Bc5 29. Bxc5 Nxc5 30. Nxc4 Qe7 31. Qb8 Qg5 32. Ne3 1-0

[Event "Lleida Province-ch"]
[Site "Lleida"]
[Date "2011.10.12"]
[Round "2"]
[White "Aranzana Areste, Alberto"]
[Black "Ramon Solans, Albert"]
[Result "0-1"]
[WhiteElo "2032"]
[BlackElo "2280"]
[PlyCount "68"]
[EventDate "2011.10.09"]
[EventType "swiss"]
[EventRounds "9"]
[EventCountry "ESP"]
[SourceTitle "EXT 2015"]
[Source "ChessBase"]
[SourceDate "2014.11.20"]
[SourceVersion "1"]
[SourceVersionDate "2014.11.20"]
[SourceQuality "1"]

1. e4 c5 2. Nf3 d6 3. c3 Nf6 4. Bb5+ Nbd7 5. e5 dxe5 6. Nxe5 a6 7. Nxd7 axb5 8. Nxf6+ gxf6 9. d4 cxd4 10. cxd4 Rg8 11. Rg1 Qd6 12. g3 Bd7 13. Be3 f5 14. Nc3 f4 15. Bxf4 Qxf4 16. gxf4 Rxg1+ 17. Ke2 Rxd1 18. Kxd1 Bg7 19. Ke2 Bxd4 20. Rg1 Kf8 21. Rd1 Bxc3 22. Rxd7 Rxa2 23. Kd3 Bf6 24. h4 Bxh4 25. b3 Rb2 26. Kc3 Rxf2 27. Rxb7 Bf6+ 28. Kb4 h5 29. Rxb5 h4 30. Ka5 Rxf4 31. Rc5 h3 32. Rc2 Be5 33. b4 Rf1 34. Re2 h2 0-1

[Event "Lleida Province-ch"]
[Site "Lleida"]
[Date "2011.10.09"]
[Round "1"]
[White "Ramon Solans, Albert"]
[Black "Perez Cabas, Jose"]
[Result "1-0"]
[WhiteElo "2280"]
[BlackElo "1964"]
[PlyCount "25"]
[EventDate "2011.10.09"]
[EventType "swiss"]
[EventRounds "9"]
[EventCountry "ESP"]
[SourceTitle "EXT 2015"]
[Source "ChessBase"]
[SourceDate "2014.11.20"]
[SourceVersion "1"]
[SourceVersionDate "2014.11.20"]
[SourceQuality "1"]

1. d4 Nf6 2. Nf3 c5 3. d5 e6 4. Nc3 d6 5. e4 exd5 6. exd5 Qe7+ 7. Be2 g6 8. 0-0 Bg7 9. Bb5+ Kf8 10. Re1 Qc7 11. Qe2 Nbd7 12. Qe7+ Kg8 13. Ng5 1-0

[Event "Balaguer op 16th "]
[Site "Balaguer"]
[Date "2011.07.21"]
[Round "5"]
[White "Pozo Vera, Sandro"]
[Black "Ramon Solans, Albert"]
[Result "1-0"]
[WhiteElo "2471"]
[BlackElo "2280"]
[PlyCount "71"]
[EventDate "2011.07.17"]
[EventType "swiss"]
[EventRounds "9"]
[EventCountry "ESP"]
[SourceTitle "CBM 143 Extra"]
[Source "ChessBase"]
[SourceDate "2011.08.29"]
[SourceVersion "1"]
[SourceVersionDate "2011.08.29"]
[SourceQuality "1"]

1. d4 d5 2. c4 c6 3. Nf3 Nf6 4. e3 g6 5. Nc3 Bg7 6. Bd3 0-0 7. h3 a6 8. 0-0 Bf5 9. Bxf5 gxf5 10. cxd5 cxd5 11. Qb3 b6 12. Bd2 e6 13. Rfc1 Nbd7 14. Ne2 Qb8 15. Bb4 Rc8 16. Rxc8+ Qxc8 17. Rc1 Qb7 18. Qc2 Bf8 19. Bxf8 Kxf8 20. Nf4 Ne8 21. g4 Nd6 22. Qc7 Qxc7 23. Rxc7 Rd8 24. g5 Nb5 25. Rb7 Ke8 26. a4 Nd6 27. Ra7 a5 28. Nh5 Rb8 29. Ne5 Nxe5 30. dxe5 Nc4 31. Nf6+ Kd8 32. Rxf7 Nxe5 33. Rxh7 Nf3+ 34. Kg2 Nxg5 35. Rg7 b5 36. h4 1-0

[Event "Balaguer op 16th "]
[Site "Balaguer"]
[Date "2011.07.19"]
[Round "3"]
[White "Ramon Solans, Albert"]
[Black "Orti Boix, Miguel"]
[Result "1-0"]
[WhiteElo "2280"]
[BlackElo "1857"]
[PlyCount "69"]
[EventDate "2011.07.17"]
[EventType "swiss"]
[EventRounds "9"]
[EventCountry "ESP"]
[SourceTitle "CBM 143 Extra"]
[Source "ChessBase"]
[SourceDate "2011.08.29"]
[SourceVersion "1"]
[SourceVersionDate "2011.08.29"]
[SourceQuality "1"]

1. d3 e5 2. a3 d5 3. Nf3 Nc6 4. b4 a6 5. Bb2 Bd6 6. c4 dxc4 7. dxc4 Nf6 8. c5 e4 9. cxd6 exf3 10. dxc7 Qxd1+ 11. Kxd1 fxe2+ 12. Bxe2 Ne4 13. Rf1 Be6 14. Nd2 Nd6 15. Bxg7 Rg8 16. Bh6 Rxg2 17. Bf4 Nf5 18. Rc1 Rg8 19. Re1 Nfd4 20. Nc4 Bxc4 21. Bxc4+ Kd7 22. Bf1 f5 23. Rc5 Raf8 24. Bh3 b6 25. Rd5+ Kc8 26. a4 Nf3 27. Rxf5 Rxf5 28. Bxf5+ Kb7 29. c8Q+ Rxc8 30. Bxc8+ Kxc8 31. Re3 Nfd4 32. Re4 Kd7 33. Be3 Nf3 34. Ke2 Nfe5 35. Bxb6 1-0

[Event "Balaguer op 16th "]
[Site "Balaguer"]
[Date "2011.07.18"]
[Round "2"]
[White "Alvarez Pedraza, Aramis"]
[Black "Ramon Solans, Albert"]
[Result "1-0"]
[WhiteElo "2551"]
[BlackElo "2280"]
[PlyCount "65"]
[EventDate "2011.07.17"]
[EventType "swiss"]
[EventRounds "9"]
[EventCountry "ESP"]
[SourceTitle "EXT 2012"]
[Source "ChessBase"]
[SourceDate "2011.11.24"]
[SourceVersion "1"]
[SourceVersionDate "2011.11.24"]
[SourceQuality "1"]

1. d3 f6 2. a3 d5 3. c4 c6 4. Qc2 e5 5. e3 Be6 6. Nf3 Bd6 7. b3 Ne7 8. Bb2 Nd7 9. g3 b5 10. Nbd2 0-0 11. Be2 Rb8 12. 0-0 Qe8 13. Nh4 Bh3 14. Rfc1 f5 15. Ndf3 h6 16. cxd5 cxd5 17. d4 e4 18. Ne5 g5 19. Ng2 f4 20. exf4 gxf4 21. Bf1 f3 22. Ne3 Bxf1 23. Rxf1 Rf5 24. Nxf5 Nxf5 25. Nxf3 Qh5 26. Ne5 Nf6 27. Rae1 Ng4 28. Nxg4 Qxg4 29. Qe2 Qh3 30. f3 Re8 31. Qg2 Qxg2+ 32. Kxg2 exf3+ 33. Kxf3 1-0

[Event "Lleida Province-ch"]
[Site "Almenar"]
[Date "2010.10.??"]
[Round "4"]
[White "Campos Olaya, Israel"]
[Black "Ramon Solans, Albert"]
[Result "0-1"]
[WhiteElo "2206"]
[BlackElo "2221"]
[PlyCount "78"]
[EventDate "2010.10.10"]
[EventType "swiss"]
[EventRounds "9"]
[EventCountry "ESP"]
[SourceTitle "EXT 2015"]
[Source "ChessBase"]
[SourceDate "2014.11.20"]
[SourceVersion "1"]
[SourceVersionDate "2014.11.20"]
[SourceQuality "1"]

1. e4 c6 2. d4 g6 3. Nf3 Bg7 4. c3 d5 5. Nbd2 Bg4 6. Bd3 Nd7 7. exd5 cxd5 8. Qb3 Nb6 9. a4 a5 10. Bb5+ Kf8 11. h3 Bxf3 12. Nxf3 Nf6 13. 0-0 Kg8 14. Re1 e6 15. Ne5 Nc8 16. Bd3 Nd6 17. Bg5 h6 18. Be3 Nd7 19. f4 Nf6 20. Rad1 Qe7 21. Qc2 Rc8 22. Bc1 h5 23. Qe2 h4 24. Bxg6 fxg6 25. Nxg6 Qf7 26. Qxe6 Qxe6 27. Rxe6 Kf7 28. Nxh8+ Kxe6 29. Ng6 Nf5 30. Re1+ Ne4 31. Ne5 Bxe5 32. fxe5 Rc4 33. Bf4 Rxa4 34. Rb1 b5 35. Kf1 Ra2 36. Ke1 b4 37. Kf1 bxc3 38. bxc3 Rf2+ 39. Kg1 Rxf4 0-1